A történelmi Magyarország szépségei = Bewundernswertes im historischen Ungarn = The beauties of historic Hungary

保存先:
書誌詳細
第一著者: Zoltán, Pinter
フォーマット: 図書
言語:Undetermined
出版事項: Kisújszállás Pannon-Literatúra 2008
主題:
タグ: タグ追加
タグなし, このレコードへの初めてのタグを付けませんか!
Thư viện lưu trữ: Trung tâm Học liệu Trường Đại học Cần Thơ
LEADER 00699nam a2200205Ia 4500
001 CTU_237166
008 210402s9999 xx 000 0 und d
082 |a 943.9 
082 |b Z86 
100 |a Zoltán, Pinter 
245 2 |a A történelmi Magyarország szépségei = 
245 0 |b Bewundernswertes im historischen Ungarn = The beauties of historic Hungary 
245 0 |c Pinter Zoltán, Csabai István, Illyés Csaba 
260 |a Kisújszállás 
260 |b Pannon-Literatúra 
260 |c 2008 
650 |a Đặc điểm quốc gia,National characteristics 
650 |z Hungary,Hungary 
910 |b nthai 
980 |a Trung tâm Học liệu Trường Đại học Cần Thơ